Erinnerungsarbeit: das Urteil des BGH vom 20.5.1969 zur Verjährung der NS-Mordbeihilfe - ein Fehlurteil?
Saved in:
| Main Author: | |
|---|---|
| Format: | Article (Journal) |
| Language: | German |
| Published: |
2017
|
| In: |
Juristenzeitung
Year: 2017, Volume: 72, Issue: 5, Pages: 229-236 |
| ISSN: | 0022-6882 |
| Online Access: |
|
| Author Notes: | Professor Dr. Wilfried Küper, Heidelberg |
MARC
| LEADER | 00000caa a2200000 c 4500 | ||
|---|---|---|---|
| 001 | 1636799396 | ||
| 003 | DE-627 | ||
| 005 | 20220816021748.0 | ||
| 007 | tu | ||
| 008 | 170306s2017 xx ||||| 00| ||ger c | ||
| 035 | |a (DE-627)1636799396 | ||
| 035 | |a (DE-576)484811746 | ||
| 035 | |a (DE-599)BSZ484811746 | ||
| 035 | |a (OCoLC)1341183609 | ||
| 040 | |a DE-627 |b ger |c DE-627 |e rda | ||
| 041 | |a ger | ||
| 084 | |a 19 |2 sdnb | ||
| 100 | 1 | |a Küper, Wilfried |d 1937-2020 |e VerfasserIn |0 (DE-588)120760355 |0 (DE-627)080872581 |0 (DE-576)161856969 |4 aut | |
| 245 | 1 | 0 | |a Erinnerungsarbeit |b das Urteil des BGH vom 20.5.1969 zur Verjährung der NS-Mordbeihilfe - ein Fehlurteil? |c Professor Dr. Wilfried Küper, Heidelberg |
| 264 | 1 | |c 2017 | |
| 300 | |a 8 | ||
| 336 | |a Text |b txt |2 rdacontent | ||
| 337 | |a ohne Hilfsmittel zu benutzen |b n |2 rdamedia | ||
| 338 | |a Band |b nc |2 rdacarrier | ||
| 773 | 0 | 8 | |i Enthalten in |t Juristenzeitung |d Tübingen : Mohr Siebeck, 1951 |g 72(2017), 5, Seite 229-236 |w (DE-627)129079782 |w (DE-600)3202-5 |w (DE-576)01441242X |x 0022-6882 |7 nnas |a Erinnerungsarbeit das Urteil des BGH vom 20.5.1969 zur Verjährung der NS-Mordbeihilfe - ein Fehlurteil? |
| 773 | 1 | 8 | |g volume:72 |g year:2017 |g number:5 |g pages:229-236 |g extent:8 |a Erinnerungsarbeit das Urteil des BGH vom 20.5.1969 zur Verjährung der NS-Mordbeihilfe - ein Fehlurteil? |
| 951 | |a AR | ||
| 992 | |a 20170306 | ||
| 993 | |a Article | ||
| 994 | |a 2017 | ||
| 998 | |g 120760355 |a Küper, Wilfried |m 120760355:Küper, Wilfried |d 20000 |d 21100 |e 20000PK120760355 |e 21100PK120760355 |k 0/20000/ |k 1/20000/21100/ |p 1 |x j |y j | ||
| 999 | |a KXP-PPN1636799396 |e 3294518935 | ||
| BIB | |a Y | ||
| SER | |a journal | ||
| JSO | |a {"title":[{"subtitle":"das Urteil des BGH vom 20.5.1969 zur Verjährung der NS-Mordbeihilfe - ein Fehlurteil?","title":"Erinnerungsarbeit","title_sort":"Erinnerungsarbeit"}],"relHost":[{"disp":"Erinnerungsarbeit das Urteil des BGH vom 20.5.1969 zur Verjährung der NS-Mordbeihilfe - ein Fehlurteil?Juristenzeitung","part":{"issue":"5","volume":"72","text":"72(2017), 5, Seite 229-236","year":"2017","extent":"8","pages":"229-236"},"language":["ger"],"pubHistory":["6.1951 -"],"recId":"129079782","id":{"eki":["129079782"],"issn":["0022-6882"],"zdb":["3202-5"]},"type":{"bibl":"periodical"},"origin":[{"publisher":"Mohr Siebeck ; Mohr","publisherPlace":"Tübingen ; Tübingen","dateIssuedDisp":"1951-","dateIssuedKey":"1951"}],"titleAlt":[{"title":"Juristen-Zeitung"},{"title":"JZ"},{"title":"JZ Information"},{"title":"JZ-Information"},{"title":"Sonderh."}],"note":["Ungezählte Beilage ab 2018: JZ Information","Verantw. Red.: Walter Mollmann"],"title":[{"title_sort":"Juristenzeitung","title":"Juristenzeitung","subtitle":"JZ"}]}],"origin":[{"dateIssuedKey":"2017","dateIssuedDisp":"2017"}],"name":{"displayForm":["Professor Dr. Wilfried Küper, Heidelberg"]},"type":{"bibl":"article-journal"},"physDesc":[{"extent":"8 S."}],"id":{"eki":["1636799396"]},"language":["ger"],"person":[{"display":"Küper, Wilfried","given":"Wilfried","role":"aut","family":"Küper"}],"recId":"1636799396"} | ||
| SRT | |a KUEPERWILFERINNERUNG2017 | ||